[Event "CYCC U18"]
[Site "Richmond Hill CAN"]
[Date "2011.07.07"]
[Round "4"]
[White "Wang, Jesse"]
[Black "Sapozhnikov, Roman"]
[Result "1-0"]
[WhiteElo "2007"]
[BlackElo "2295"]
[PlyCount "103"]
[GameId "2160767909704084"]
[EventDate "2011.07.06"]
[EventType "swiss"]
[EventRounds "7"]
[EventCountry "CAN"]
[SourceTitle "EXT 2012"]
[Source "ChessBase"]
[SourceDate "2011.11.24"]
[SourceVersion "1"]
[SourceVersionDate "2011.11.24"]
[SourceQuality "1"]

1. e4 c5 2. Nc3 a6 3. f4 e6 4. g3 d5 5. d3 Nc6 6. Bg2 d4 7. Nce2 Nf6 8. h3 Be7 9. Nf3 b5 10. O-O Bb7 11. a3 O-O 12. g4 Qc7 13. f5 Bd6 14. fxe6 fxe6 15. Qe1 Nd7 16. Bd2 Nde5 17. Qh4 Nxf3+ 18. Bxf3 c4 19. g5 Qe7 20. Bg4 e5 21. Rf5 g6 22. Rf6 Rxf6 23. gxf6 Qf7 24. Rf1 Bc8 25. Ng3 Bf8 26. Nf5 Kh8 27. Ne7 Bxg4 28. Nxc6 Bh5 29. Nxe5 Qe6 30. Ng4 cxd3 31. cxd3 Ra7 32. Bb4 Bxb4 33. axb4 Rf7 34. Qg5 Bxg4 35. hxg4 Qd6 36. e5 Qe6 37. Qf4 Rf8 38. Qxd4 h5 39. Qf4 Kh7 40. gxh5 Rg8 41. f7 Rf8 42. Qe4 Qb6+ 43. Rf2 Kh8 44. Qxg6 Qe3 45. Qf6+ Kh7 46. Qf5+ Kh8 47. Qf4 Qb6 48. Qf6+ Qxf6 49. Rxf6 a5 50. e6 Kg7 51. Rg6+ Kh7 52. e7 1-0

[Event "CYCC U18"]
[Site "Richmond Hill CAN"]
[Date "2011.07.08"]
[Round "5"]
[White "Laceste, Loren"]
[Black "Martchenko, Alexander"]
[Result "1-0"]
[WhiteElo "2027"]
[BlackElo "2227"]
[PlyCount "135"]
[GameId "2160767909704087"]
[EventDate "2011.07.06"]
[EventType "swiss"]
[EventRounds "7"]
[EventCountry "CAN"]
[SourceTitle "EXT 2022"]
[Source "ChessBase"]
[SourceDate "2021.10.06"]
[SourceVersion "1"]
[SourceVersionDate "2021.10.06"]
[SourceQuality "1"]

1. d4 Nf6 2. Nf3 e6 3. c4 c5 4. d5 b5 5. a4 bxc4 6. Nc3 exd5 7. Nxd5 Bb7 8. e4 Nxd5 9. exd5 d6 10. Bxc4 Be7 11. O-O O-O 12. Re1 Nd7 13. a5 Rb8 14. Bf4 Re8 15. h3 Ba8 16. b3 Nf6 17. Qd2 Rb4 18. Re2 Bf8 19. Rxe8 Qxe8 20. Re1 Qd8 21. Bg5 Be7 22. Qe3 Kf8 23. Qd3 g6 24. Bh6+ Kg8 25. a6 Rb8 26. Qd2 Bf8 27. Bf4 Qd7 28. Bg5 Bg7 29. Bxf6 Bxf6 30. Qf4 Bg7 31. g4 Rf8 32. Kg2 Rb8 33. Re4 h6 34. h4 Kf8 35. Kg1 Rd8 36. Re3 Kg8 37. Kg2 Kf8 38. Kh3 Kg8 39. Kg2 Kf8 40. Nd2 Re8 41. Rxe8+ Kxe8 42. f3 f5 43. gxf5 gxf5 44. Nf1 Be5 45. Qxh6 Qf7 46. Qd2 Qg6+ 47. Qg5 Qxg5+ 48. hxg5 Kf7 49. Ne3 Kg6 50. Nc2 Kxg5 51. Na3 Bf6 52. Nb5 Bd8 53. Nxd6 Kf6 54. f4 Ba5 55. Kf3 Bd8 56. Ke3 Ba5 57. Kd3 Bd8 58. Ke3 Ba5 59. Nc8 Bb6 60. Nxb6 axb6 61. d6 Bc6 62. a7 Ba8 63. Kd3 Bb7 64. Kc3 Ba8 65. b4 Bf3 66. bxc5 bxc5 67. Bg8 Kg7 68. d7 1-0

[Event "CYCC U18"]
[Site "Richmond Hill CAN"]
[Date "2011.07.08"]
[Round "5"]
[White "Orlova, Yelizaveta"]
[Black "Kagramanov, Dalia"]
[Result "1-0"]
[WhiteElo "1934"]
[BlackElo "1862"]
[PlyCount "69"]
[GameId "2160767909704088"]
[EventDate "2011.07.06"]
[EventType "swiss"]
[EventRounds "7"]
[EventCountry "CAN"]
[SourceTitle "EXT 2012"]
[Source "ChessBase"]
[SourceDate "2011.11.24"]
[SourceVersion "1"]
[SourceVersionDate "2011.11.24"]
[SourceQuality "1"]

1. b3 Nf6 2. Bb2 g6 3. Bxf6 exf6 4. c4 Bg7 5. Nc3 O-O 6. g3 d6 7. Bg2 Nd7 8. e3 a6 9. Nge2 Rb8 10. O-O f5 11. Rc1 Re8 12. Qc2 Ne5 13. d4 Ng4 14. h3 Nf6 15. Nf4 c6 16. b4 Be6 17. d5 Bd7 18. Rfd1 Bf8 19. a4 a5 20. dxc6 Bxc6 21. b5 Bxg2 22. Kxg2 Rc8 23. Ncd5 Nd7 24. h4 b6 25. h5 Ne5 26. Qb3 g5 27. Ne2 h6 28. Nd4 g4 29. Nc6 Nxc6 30. bxc6 Rxc6 31. Qb5 Rc5 32. Qxe8 Qxe8 33. Nf6+ Kh8 34. Nxe8 Rc6 35. Rd5 1-0

[Event "CYCC U18"]
[Site "Richmond Hill CAN"]
[Date "2011.07.08"]
[Round "5"]
[White "Sapozhnikov, Roman"]
[Black "Zhou, Kevin"]
[Result "1-0"]
[WhiteElo "2295"]
[BlackElo "1962"]
[PlyCount "85"]
[GameId "2160767909704089"]
[EventDate "2011.07.06"]
[EventType "swiss"]
[EventRounds "7"]
[EventCountry "CAN"]
[SourceTitle "EXT 2012"]
[Source "ChessBase"]
[SourceDate "2011.11.24"]
[SourceVersion "1"]
[SourceVersionDate "2011.11.24"]
[SourceQuality "1"]

1. e4 e5 2. Nf3 Nc6 3. d4 exd4 4. Nxd4 Bc5 5. Nxc6 Qf6 6. Qf3 dxc6 7. Bc4 Be6 8. Qxf6 Nxf6 9. Bxe6 fxe6 10. f3 O-O-O 11. Nd2 a6 12. Nb3 Ba7 13. Ke2 Rhe8 14. Be3 Bxe3 15. Kxe3 b6 16. Nd2 c5 17. Rhd1 Nd7 18. Nc4 b5 19. Na5 Nb6 20. b3 Rd6 21. Ke2 Red8 22. e5 Rxd1 23. Rxd1 Rxd1 24. Kxd1 Kd7 25. c4 Nc8 26. f4 Ne7 27. g3 g5 28. fxg5 Ng6 29. Ke2 Nxe5 30. h4 Nf7 31. cxb5 axb5 32. a4 c4 33. axb5 cxb3 34. Nxb3 Kd6 35. Ke3 Kd5 36. Nd2 Nd6 37. h5 Nxb5 38. Ne4 Ke5 39. g6 hxg6 40. h6 Nd6 41. Nxd6 Kf6 42. Ne8+ Kf7 43. h7 1-0

[Event "CYCC U18"]
[Site "Richmond Hill CAN"]
[Date "2011.07.08"]
[Round "6"]
[White "Fu, Linda"]
[Black "Zhou, Kevin"]
[Result "0-1"]
[WhiteElo "918"]
[BlackElo "1904"]
[PlyCount "97"]
[GameId "2160767909704090"]
[EventDate "2011.07.06"]
[EventType "swiss"]
[EventRounds "7"]
[EventCountry "CAN"]

1. e4 e5 2. Nf3 Nc6 3. Nc3 Nf6 4. Be2 Bc5 5. Nxe5 Nxe5 6. d4 Bb4 7. dxe5 Nxe4 8. Qd4 Nxc3 9. bxc3 Be7 10. e6 dxe6 11. Qxg7 Bf6 12. Qg3 Qd6 13. Qf3 e5 14. O-O O-O 15. Bd3 Bg7 16. Re1 f5 17. Qe2 e4 18. Bc4+ Be6 19. Rd1 Qc6 20. Bxe6+ Qxe6 21. Qe3 Qc4 22. Bb2 b6 23. Qd2 Rae8 24. Qg5 Qe6 25. c4 Qg6 26. Qxg6 hxg6 27. Bxg7 Kxg7 28. Rd7+ Rf7 29. Rxf7+ Kxf7 30. Rd1 Re6 31. Rb1 Rc6 32. Rb4 a5 33. Ra4 Ke6 34. Kf1 Ke5 35. c3 g5 36. h3 f4 37. f3 e3 38. Ke2 Kd6 39. Kd3 Kc5 40. Ke2 Rd6 41. Ke1 Rd2 42. Kf1 Rd1+ 43. Ke2 Rg1 44. g4 Rh1 45. Kd3 Rxh3 46. Ke2 Rh2+ 47. Kd3 Rf2 48. Ra3 Rd2+ 49. Ke4 0-1

[Event "CYCC U18"]
[Site "Richmond Hill CAN"]
[Date "2011.07.08"]
[Round "6"]
[White "Kagramanov, Dalia"]
[Black "Miller, David"]
[Result "0-1"]
[WhiteElo "2027"]
[BlackElo "1936"]
[PlyCount "94"]
[GameId "2160767909704091"]
[EventDate "2011.07.06"]
[EventType "swiss"]
[EventRounds "7"]
[EventCountry "CAN"]

1. e4 c5 2. Nf3 d6 3. d4 cxd4 4. Nxd4 Nf6 5. Nc3 a6 6. Be3 Ng4 7. Qd2 Nxe3 8. Qxe3 Nc6 9. O-O-O e6 10. Nb3 Qc7 11. f4 Be7 12. Kb1 b5 13. g4 b4 14. Na4 Rb8 15. Nd2 Na5 16. b3 O-O 17. Nb2 Bd7 18. g5 Rfc8 19. Bd3 Qc3 20. Rc1 d5 21. Nd1 d4 22. Qf2 Qc5 23. e5 Bb5 24. Nb2 Qd5 25. Be4 Qd8 26. Nf3 Nc6 27. Rhd1 Bc5 28. Qd2 Qb6 29. Nd3 Rd8 30. h4 a5 31. h5 Ne7 32. Nxc5 Qxc5 33. Nxd4 Nd5 34. Bxd5 Rxd5 35. Nxe6 fxe6 36. Qg2 Bc6 37. Qg4 Qe7 38. Rxd5 Bxd5 39. Re1 Qf7 40. Rf1 Be4 41. Qe2 Bf5 42. h6 Rc8 43. Rc1 Qc7 44. hxg7 Qc3 45. Qd1 a4 46. bxa4 b3 47. a3 bxc2+ 0-1

[Event "CYCC U18"]
[Site "Richmond Hill CAN"]
[Date "2011.07.08"]
[Round "6"]
[White "Martchenko, Alexander"]
[Black "Sapozhnikov, Roman"]
[Result "1/2-1/2"]
[WhiteElo "2227"]
[BlackElo "2295"]
[PlyCount "56"]
[GameId "2160767909704092"]
[EventDate "2011.07.06"]
[EventType "swiss"]
[EventRounds "7"]
[EventCountry "CAN"]
[SourceTitle "EXT 2012"]
[Source "ChessBase"]
[SourceDate "2011.11.24"]
[SourceVersion "1"]
[SourceVersionDate "2011.11.24"]
[SourceQuality "1"]

1. e4 c5 2. Nc3 a6 3. Nge2 d6 4. g3 Nf6 5. Bg2 e6 6. d3 Be7 7. O-O Nc6 8. f4 d5 9. e5 Nd7 10. a3 f6 11. exf6 Nxf6 12. Kh1 O-O 13. d4 Bd7 14. Be3 cxd4 15. Nxd4 Rc8 16. Bg1 Nxd4 17. Bxd4 Bc5 18. Bxc5 Rxc5 19. f5 exf5 20. Nxd5 Bc6 21. Nxf6+ Qxf6 22. c3 Bxg2+ 23. Kxg2 Qb6 24. Rf2 Rd8 25. Qf3 Re5 26. Rd1 Rxd1 27. Qxd1 Qc6+ 28. Qf3 Qd7 1/2-1/2

[Event "CYCC U18"]
[Site "Richmond Hill CAN"]
[Date "2011.07.08"]
[Round "7"]
[White "Kagramanov, Dalia"]
[Black "Martchenko, Alexander"]
[Result "0-1"]
[WhiteElo "1862"]
[BlackElo "2227"]
[PlyCount "100"]
[GameId "2160767909704096"]
[EventDate "2011.07.06"]
[EventType "swiss"]
[EventRounds "7"]
[EventCountry "CAN"]
[SourceTitle "EXT 2012"]
[Source "ChessBase"]
[SourceDate "2011.11.24"]
[SourceVersion "1"]
[SourceVersionDate "2011.11.24"]
[SourceQuality "1"]

1. e4 c5 2. Nf3 Nc6 3. d4 cxd4 4. Nxd4 g6 5. c4 Bg7 6. Be3 Nf6 7. Nc3 d6 8. Be2 O-O 9. O-O Bd7 10. Qd2 Nxd4 11. Bxd4 Bc6 12. f3 Nd7 13. Be3 a5 14. Rac1 Nc5 15. b3 Qb6 16. Nd1 Qb4 17. Qc2 a4 18. Bd2 axb3 19. Bxb4 bxc2 20. Rxc2 Ba4 21. Rd2 Bh6 22. Rb2 Bc1 23. Rb1 Bxd1 24. Rxd1 Rxa2 25. Rdxc1 Rxe2 26. Bxc5 dxc5 27. Rxb7 Rd8 28. Rxe7 Rdd2 29. Re5 Rxg2+ 30. Kf1 Rxh2 31. Kg1 Rhg2+ 32. Kh1 Rgf2 33. Rxc5 Rxf3 34. Rd5 Re2 35. c5 Rff2 36. c6 Rh2+ 37. Kg1 Reg2+ 38. Kf1 Rc2 39. Rxc2 Rxc2 40. Rd6 Kf8 41. Rd8+ Ke7 42. Rc8 f6 43. Rc7+ Ke6 44. Rxh7 Rxc6 45. Rg7 g5 46. Kf2 Ke5 47. Re7+ Re6 48. Rxe6+ Kxe6 49. Kf3 Ke5 50. Ke3 g4 0-1

[Event "CYCC U18"]
[Site "Richmond Hill CAN"]
[Date "2011.07.08"]
[Round "7"]
[White "Miller, David"]
[Black "Orlova, Yelizaveta"]
[Result "1-0"]
[WhiteElo "1936"]
[BlackElo "2073"]
[PlyCount "59"]
[GameId "2160767909704098"]
[EventDate "2011.07.06"]
[EventType "swiss"]
[EventRounds "7"]
[EventCountry "CAN"]

1. e4 c5 2. Nf3 Nc6 3. d4 cxd4 4. Nxd4 Qb6 5. Nb3 g6 6. Be3 Qb4+ 7. Nc3 Bg7 8. Bd3 Bxc3+ 9. bxc3 Qxc3+ 10. Bd2 Qe5 11. O-O Qc7 12. Bc3 Nf6 13. f4 d6 14. Qd2 O-O 15. Rae1 Be6 16. f5 Bxb3 17. cxb3 Ne5 18. Re3 Rac8 19. Bb1 Kg7 20. Rh3 h5 21. Bb2 b5 22. Kh1 Rg8 23. Rg1 Nfg4 24. Rf1 Qb7 25. Rf4 g5 26. Rf1 f6 27. Rxh5 Rh8 28. Rxh8 Rxh8 29. h3 Nd7 30. Qxg5+ 1-0

[Event "CYCC U18"]
[Site "Richmond Hill CAN"]
[Date "2011.07.08"]
[Round "7"]
[White "Wang, Jesse BJ"]
[Black "Fan, Brendan"]
[Result "0-1"]
[WhiteElo "1998"]
[BlackElo "2097"]
[PlyCount "68"]
[GameId "2160767909704099"]
[EventDate "2011.07.06"]
[EventType "swiss"]
[EventRounds "7"]
[EventCountry "CAN"]

1. Nf3 Nf6 2. g3 b6 3. Bg2 Bb7 4. O-O e6 5. c4 Be7 6. d3 O-O 7. Nc3 d5 8. cxd5 Nxd5 9. Bd2 Bf6 10. Rc1 c5 11. a3 Nc6 12. Nxd5 exd5 13. Bc3 d4 14. Be1 Ne5 15. Nxe5 Bxg2 16. Kxg2 Bxe5 17. Qb3 Qd6 18. Bd2 Qc6+ 19. Kg1 Rfe8 20. Rfe1 b5 21. Rc2 a5 22. Rec1 Bd6 23. e3 a4 24. Qa2 Qf3 25. b4 cxb4 26. axb4 h5 27. Rc6 Re6 28. e4 Qxd3 29. Qd5 Rae8 30. Rxd6 Rxd6 31. Qxd6 Qxd2 32. Rc7 Qe1+ 33. Kg2 Qxe4+ 34. Kg1 Qf3 0-1

[Event "Canada Day op"]
[Site "Ottawa CAN"]
[Date "2011.07.01"]
[Round "2"]
[White "Upper, John"]
[Black "Donev, Danail"]
[Result "1-0"]
[WhiteElo "2180"]
[BlackElo "1950"]
[PlyCount "51"]
[GameId "2160767909704150"]
[EventDate "2011.06.30"]
[EventType "swiss"]
[EventRounds "6"]
[EventCountry "CAN"]
[SourceTitle "EXT 2022"]
[Source "ChessBase"]
[SourceDate "2021.10.06"]
[SourceVersion "1"]
[SourceVersionDate "2021.10.06"]
[SourceQuality "1"]

1. d4 Nf6 2. c4 g6 3. Nc3 Bg7 4. e4 d6 5. g3 O-O 6. Bg2 c6 7. Nge2 e5 8. O-O Nbd7 9. h3 a6 10. a4 Re8 11. d5 c5 12. Be3 h6 13. Qd2 Kh7 14. Nc1 Rf8 15. Nd3 Ng8 16. Rab1 Nb6 17. b3 f5 18. f4 fxe4 19. Nxe4 Qe7 20. fxe5 dxe5 21. Bxc5 Rxf1+ 22. Rxf1 Qd8 23. Rf7 Nd7 24. Be3 Qe8 25. Nd6 Qd8 26. c5 1-0

[Event "Canada Day op"]
[Site "Ottawa CAN"]
[Date "2011.07.02"]
[Round "3"]
[White "Humphreys, Michael"]
[Black "Gordon, David"]
[Result "1-0"]
[WhiteElo "2284"]
[BlackElo "2293"]
[PlyCount "73"]
[GameId "2160767909704151"]
[EventDate "2011.06.30"]
[EventType "swiss"]
[EventRounds "6"]
[EventCountry "CAN"]
[SourceTitle "EXT 2022"]
[Source "ChessBase"]
[SourceDate "2021.10.06"]
[SourceVersion "1"]
[SourceVersionDate "2021.10.06"]
[SourceQuality "1"]

1. g3 e5 2. c4 f5 3. Nc3 Nf6 4. Bg2 Nc6 5. Rb1 a5 6. a3 Bc5 7. e3 e4 8. f3 d5 9. cxd5 Nxd5 10. fxe4 Nxc3 11. bxc3 Qd3 12. Ra1 Ne5 13. Nf3 Nxf3+ 14. Qxf3 O-O 15. e5 Be6 16. Qxb7 Rad8 17. Qb1 Qc4 18. d4 Qxc3+ 19. Bd2 Qc4 20. Qc1 Rxd4 21. exd4 Qxd4 22. Be3 Qxe3+ 23. Qxe3 Bxe3 24. Rd1 f4 25. Bd5 Bxd5 26. Rxd5 fxg3 27. hxg3 Bf2+ 28. Ke2 Bxg3 29. Rh3 Bf4 30. Kd3 Re8 31. Ke4 g5 32. Rxa5 Kg7 33. Rc5 Re7 34. a4 Kg6 35. a5 Re6 36. Rhc3 Kh5 37. Kf5 1-0

[Event "Canada Day op"]
[Site "Ottawa CAN"]
[Date "2011.07.02"]
[Round "4"]
[White "Marinkovic, Mate"]
[Black "Humphreys, Michael"]
[Result "1/2-1/2"]
[WhiteElo "2190"]
[BlackElo "2284"]
[PlyCount "73"]
[GameId "2160767909704154"]
[EventDate "2011.06.30"]
[EventType "swiss"]
[EventRounds "6"]
[EventCountry "CAN"]
[SourceTitle "EXT 2022"]
[Source "ChessBase"]
[SourceDate "2021.10.06"]
[SourceVersion "1"]
[SourceVersionDate "2021.10.06"]
[SourceQuality "1"]

1. c4 Nf6 2. g3 g6 3. Bg2 Bg7 4. Nc3 O-O 5. e4 c5 6. d3 Nc6 7. Be3 d6 8. h3 Ne8 9. Nge2 Nc7 10. d4 cxd4 11. Nxd4 Ne6 12. Nxc6 bxc6 13. Qd2 Ba6 14. b3 c5 15. O-O Nd4 16. Rad1 Qa5 17. Nd5 Qd8 18. f4 Bb7 19. g4 Bxd5 20. exd5 f5 21. Kh2 a5 22. Bxd4 Bxd4 23. Bf3 Rb8 24. gxf5 Rxf5 25. Bg4 Rf6 26. Be6+ Kg7 27. Rb1 Qb6 28. h4 Qb4 29. Qe2 Rbf8 30. f5 Qc3 31. Rf3 Be5+ 32. Kh3 Qd4 33. Rd1 Qb2 34. Rd2 Qa1 35. Rf1 Qc3+ 36. Rd3 Qb2 37. Rd2 1/2-1/2

[Event "Canada Day op"]
[Site "Ottawa CAN"]
[Date "2011.07.03"]
[Round "5"]
[White "Qin, Zi Yi (Joey)"]
[Black "Upper, John"]
[Result "1-0"]
[WhiteElo "2316"]
[BlackElo "2180"]
[PlyCount "51"]
[GameId "2160767909704157"]
[EventDate "2011.06.30"]
[EventType "swiss"]
[EventRounds "6"]
[EventCountry "CAN"]

1. e4 e6 2. d4 d5 3. Nd2 Nf6 4. e5 Nfd7 5. Bd3 c5 6. c3 Nc6 7. Ne2 cxd4 8. cxd4 f6 9. exf6 Nxf6 10. Nf3 Bd6 11. O-O Qc7 12. Bg5 O-O 13. Rc1 h6 14. Bd2 a6 15. Re1 Bd7 16. Ng3 Ng4 17. Bc3 Rf6 18. Bb1 Be8 19. Rf1 g5 20. Nxg5 h5 21. Qe2 Bf7 22. h3 Nxf2 23. Rxf2 Rxf2 24. Qxf2 Bxg3 25. Qf6 Re8 26. Rf1 1-0

[Event "Charlesbourg Alekhine"]
[Site "Charlesbourg CAN"]
[Date "2011.09.05"]
[Round "1"]
[White "Bellemare, Regis"]
[Black "Tremblay, Rejean"]
[Result "0-1"]
[WhiteElo "1700"]
[BlackElo "2243"]
[PlyCount "96"]
[GameId "2160767909648872"]
[EventDate "2011.09.05"]
[EventType "swiss"]
[EventRounds "5"]
[EventCountry "CAN"]
[SourceTitle "EXT 2022"]
[Source "ChessBase"]
[SourceDate "2021.10.06"]
[SourceVersion "1"]
[SourceVersionDate "2021.10.06"]
[SourceQuality "1"]

1. e4 c5 2. Nc3 d6 3. g3 Nc6 4. Bg2 g6 5. Nd5 Bg7 6. d3 e6 7. Ne3 Nge7 8. f4 O-O 9. Nf3 f5 10. O-O Rb8 11. Kh1 b5 12. exf5 exf5 13. c3 h6 14. Nh4 Kh7 15. Nd5 Nxd5 16. Bxd5 Ne7 17. Bg2 b4 18. c4 Bd7 19. Rb1 Qa5 20. Ra1 Rfe8 21. Nf3 Nc6 22. Rf2 Nd4 23. Nxd4 Bxd4 24. Re2 Rxe2 25. Qxe2 Re8 26. Qd1 Qa4 27. Qf1 Qc2 28. Bf3 a5 29. h3 a4 30. a3 b3 31. g4 Kg7 32. g5 hxg5 33. fxg5 Bxb2 34. Bxb2+ Qxb2 35. Bd5 Qd2 36. h4 Rh8 37. Qe1 Qxe1+ 38. Rxe1 Rxh4+ 39. Kg2 Rg4+ 40. Kf3 Kf8 41. Rh1 Rxg5 42. Rh8+ Ke7 43. Rh7+ Kd8 44. Rh2 Rh5 45. Rg2 g5 46. Bf7 Rh3+ 47. Ke2 g4 48. Bd5 f4 0-1

[Event "Charlesbourg Alekhine"]
[Site "Charlesbourg CAN"]
[Date "2011.09.05"]
[Round "1"]
[White "Gagnon, Alain"]
[Black "Lessard, Claude"]
[Result "0-1"]
[WhiteElo "1661"]
[BlackElo "2057"]
[PlyCount "42"]
[GameId "2160767909648873"]
[EventDate "2011.09.05"]
[EventType "swiss"]
[EventRounds "5"]
[EventCountry "CAN"]
[SourceTitle "EXT 2022"]
[Source "ChessBase"]
[SourceDate "2021.10.06"]
[SourceVersion "1"]
[SourceVersionDate "2021.10.06"]
[SourceQuality "1"]

1. d4 Nf6 2. c4 c5 3. d5 b5 4. b3 bxc4 5. bxc4 g6 6. Qc2 Bg7 7. Bb2 O-O 8. Nc3 d6 9. e4 Nbd7 10. Be2 Rb8 11. Rb1 Qa5 12. f3 Nxe4 13. fxe4 Rxb2 14. Rxb2 Bxc3+ 15. Kf2 Bd4+ 16. Kf1 Bxb2 17. Qxb2 Ba6 18. Nf3 Rb8 19. Qd2 Rb1+ 20. Kf2 Qxd2 21. Nxd2 Rxh1 0-1

[Event "Charlesbourg Alekhine"]
[Site "Charlesbourg CAN"]
[Date "2011.09.05"]
[Round "1"]
[White "Thibault, Jim"]
[Black "Beaudoin, Stephane"]
[Result "0-1"]
[WhiteElo "1582"]
[BlackElo "2044"]
[PlyCount "128"]
[GameId "2160767909648874"]
[EventDate "2011.09.05"]
[EventType "swiss"]
[EventRounds "5"]
[EventCountry "CAN"]
[SourceTitle "EXT 2022"]
[Source "ChessBase"]
[SourceDate "2021.10.06"]
[SourceVersion "1"]
[SourceVersionDate "2021.10.06"]
[SourceQuality "1"]

1. d4 Nf6 2. Nf3 c5 3. c4 e6 4. Nc3 cxd4 5. Nxd4 Nc6 6. e3 Bb4 7. Bd2 O-O 8. Nf3 e5 9. Be2 e4 10. Nd4 Nxd4 11. exd4 Bxc3 12. bxc3 d5 13. O-O Be6 14. Rb1 b6 15. cxd5 Qxd5 16. a4 Rac8 17. Rc1 Qd6 18. Bg5 Bc4 19. Re1 Rfe8 20. Bg4 Nxg4 21. Qxg4 Qg6 22. Qf4 Bd5 23. Qe3 Rc4 24. a5 bxa5 25. Bh4 Rec8 26. f3 f5 27. fxe4 Bxe4 28. Bg3 Qc6 29. Be5 Qg6 30. Qg3 Qxg3 31. Bxg3 Rxc3 32. Rxc3 Rxc3 33. Be5 Rc2 34. g3 Rg2+ 35. Kf1 Rxh2 36. Re3 a4 37. Ra3 Rc2 38. Rxa4 a6 39. Kg1 Bd3 40. Ra3 Bc4 41. Ra1 g5 42. Ra5 Bb5 43. Ra3 Kf7 44. Ra1 Rd2 45. Ra3 Kg6 46. Rf3 Rd1+ 47. Kf2 Kh5 48. Rc3 Kg4 49. Ke3 f4+ 50. gxf4 Re1+ 51. Kd2 Re2+ 52. Kc1 gxf4 53. Rc7 Bd3 54. Rg7+ Bg6 55. Kd1 Re4 56. Rb7 f3 57. Rb2 a5 58. Rf2 a4 59. Kc1 a3 60. Kd1 Bf7 61. Kd2 a2 62. Rf1 Re2+ 63. Kd3 Bg6+ 64. Kc3 f2 0-1

[Event "Charlesbourg Alekhine"]
[Site "Charlesbourg CAN"]
[Date "2011.09.12"]
[Round "2"]
[White "Beaudoin, Stephane"]
[Black "Doyon, Stephane"]
[Result "1-0"]
[WhiteElo "2044"]
[BlackElo "1709"]
[PlyCount "83"]
[GameId "2160767909648875"]
[EventDate "2011.09.05"]
[EventType "swiss"]
[EventRounds "5"]
[EventCountry "CAN"]
[SourceTitle "EXT 2022"]
[Source "ChessBase"]
[SourceDate "2021.10.06"]
[SourceVersion "1"]
[SourceVersionDate "2021.10.06"]
[SourceQuality "1"]

1. e4 Nf6 2. e5 Nd5 3. Bc4 Nb6 4. Bb3 Nc6 5. Nf3 e6 6. d4 Na5 7. O-O Be7 8. c4 Nxb3 9. Qxb3 O-O 10. Nc3 d5 11. c5 Nc4 12. Qc2 b6 13. b3 Na5 14. Bd2 Nc6 15. Na4 Ba6 16. Rfe1 Bb7 17. Rad1 b5 18. Nc3 a6 19. Ne2 f6 20. Nf4 Bc8 21. exf6 Bxf6 22. Bc1 Re8 23. Bb2 Re7 24. Re3 Qf8 25. Nh5 Bd7 26. Rde1 Rae8 27. Qd2 Qf7 28. Nxf6+ Qxf6 29. Ne5 Nxe5 30. dxe5 Qf4 31. Qa5 Bc8 32. Rf3 Qg4 33. c6 Qg6 34. Ba3 Rf7 35. Rxf7 Qxf7 36. Bc5 h6 37. h3 g5 38. Re3 Kh7 39. Rf3 Qg7 40. Rf6 Kh8 41. Qc3 Kh7 42. Qf3 1-0

[Event "Charlesbourg Alekhine"]
[Site "Charlesbourg CAN"]
[Date "2011.09.12"]
[Round "2"]
[White "Poliquin, Yvone"]
[Black "Chiffot, Nicolas"]
[Result "0-1"]
[WhiteElo "1985"]
[BlackElo "2057"]
[PlyCount "70"]
[GameId "2160767909648876"]
[EventDate "2011.09.05"]
[EventType "swiss"]
[EventRounds "5"]
[EventCountry "CAN"]
[SourceTitle "EXT 2022"]
[Source "ChessBase"]
[SourceDate "2021.10.06"]
[SourceVersion "1"]
[SourceVersionDate "2021.10.06"]
[SourceQuality "1"]

1. e4 e6 2. d4 d5 3. e5 c5 4. Nf3 Qb6 5. Bd3 Nc6 6. O-O cxd4 7. Qe2 Nge7 8. a3 Ng6 9. c3 Bd7 10. b4 Rc8 11. cxd4 Nxd4 12. Nxd4 Qxd4 13. Bb2 Qb6 14. Nd2 Nf4 15. Qf3 Nxd3 16. Qxd3 Bb5 17. Qb3 Bxf1 18. Rxf1 Be7 19. Kh1 O-O 20. f4 Qc6 21. Qe3 f5 22. Qxa7 Qc2 23. Qd4 Rc6 24. h3 Rfc8 25. Kh2 Bd8 26. Rc1 Qa4 27. Rb1 Bb6 28. Qd3 Qc2 29. Qe2 Rc4 30. Qe1 R4c6 31. Nf3 Qc4 32. Qd2 Qe4 33. Qd1 Qxf4+ 34. Kh1 Rc2 35. Ne1 Qf1+ 0-1

[Event "Charlesbourg Alekhine"]
[Site "Charlesbourg CAN"]
[Date "2011.09.12"]
[Round "2"]
[White "Tremblay, Rejean"]
[Black "Fecteau, Martin"]
[Result "1-0"]
[WhiteElo "2243"]
[BlackElo "2044"]
[PlyCount "59"]
[GameId "2160767909648877"]
[EventDate "2011.09.05"]
[EventType "swiss"]
[EventRounds "5"]
[EventCountry "CAN"]
[SourceTitle "EXT 2022"]
[Source "ChessBase"]
[SourceDate "2021.10.06"]
[SourceVersion "1"]
[SourceVersionDate "2021.10.06"]
[SourceQuality "1"]

1. e4 c5 2. Nf3 d6 3. d4 cxd4 4. Nxd4 Nf6 5. f3 a6 6. c4 Nc6 7. Be3 g6 8. Nc3 Bg7 9. Qd2 Bd7 10. Be2 Rc8 11. O-O O-O 12. Rfc1 Nxd4 13. Bxd4 Be6 14. Nd5 Bxd5 15. cxd5 Qd7 16. Be3 Rxc1+ 17. Rxc1 Rc8 18. Bc4 b5 19. Bf1 Qb7 20. Rc2 Nd7 21. b3 Bf6 22. Qc1 Rxc2 23. Qxc2 Nb8 24. b4 h5 25. a4 bxa4 26. Qxa4 Kg7 27. b5 axb5 28. Bxb5 e6 29. dxe6 fxe6 30. Qa7 1-0

[Event "Charlesbourg Alekhine"]
[Site "Charlesbourg CAN"]
[Date "2011.09.19"]
[Round "3"]
[White "Chiffot, Nicolas"]
[Black "Tremblay, Rejean"]
[Result "0-1"]
[WhiteElo "2057"]
[BlackElo "2253"]
[PlyCount "84"]
[GameId "2160767909648878"]
[EventDate "2011.09.05"]
[EventType "swiss"]
[EventRounds "5"]
[EventCountry "CAN"]
[SourceTitle "EXT 2022"]
[Source "ChessBase"]
[SourceDate "2021.10.06"]
[SourceVersion "1"]
[SourceVersionDate "2021.10.06"]
[SourceQuality "1"]

1. d4 Nf6 2. c4 g6 3. Nc3 Bg7 4. e4 d6 5. Nf3 O-O 6. Be2 e5 7. O-O Nc6 8. d5 Ne7 9. Ne1 Nd7 10. Nd3 f5 11. f3 Kh8 12. Bd2 Ng8 13. Qc2 Rf7 14. b4 Ndf6 15. c5 Bh6 16. Rfc1 Bxd2 17. Qxd2 f4 18. cxd6 cxd6 19. a4 g5 20. Nb5 Ne8 21. Rc3 Ngf6 22. Rac1 Bd7 23. Nxd6 Qb6+ 24. Kh1 Qxd6 25. Nc5 Rb8 26. Qc2 Bc8 27. Nd3 Bd7 28. Nc5 Rg7 29. Nxd7 Rxd7 30. Bb5 Re7 31. Qf2 a6 32. Bxe8 Nxe8 33. Qa7 b5 34. Qc5 bxa4 35. Qxd6 Nxd6 36. Rc6 Rd7 37. Rxa6 Rxb4 38. Rcc6 Nb5 39. Re6 Rc7 40. Rac6 Rxc6 41. dxc6 a3 42. Re8+ Kg7 0-1